CHORIONEPITHELIOMA TŮBAE PRIMARIUM (BENIGNUM?) A USURA STĚNY TUBÁRNÍ KLKY PODOBY HYDATIDOSNÍ

Bibliographic Details
Main Author: Müller (Author)
Format: Article
Language:Slovak
Czech

MARC

LEADER 00000nab a2200000ua 4500
001 vtls010757753
003 SK-MaSNL
005 20260304202309.0
008 250718s1928 xo |||||||||||||||||slo|
035 |a (urnnbn)urn:nbn:sk:snk:ar-a035n1 
035 |a (uuid)a1343dfe-e1da-40b2-a9f6-8b9a7ca9ae43 
035 |a urn:nbn:sk:snk-ab53hc 
040 |a SNKBUCL  |b slo  |c SNKBUCL  |e AACR2 
041 0 |a cze 
044 |a xo  |c SK 
100 1 |a Müller  |4 aut  |9 356222 
245 1 0 |a CHORIONEPITHELIOMA TŮBAE PRIMARIUM (BENIGNUM?) A USURA STĚNY TUBÁRNÍ KLKY PODOBY HYDATIDOSNÍ  |c Müller 
773 0 |t Bratislavské lekárske listy  |g Roč. 8, č. 5 (1928), s. [225]-[240h] 
850 |a Slovenská národná knižnica 
852 |a Slovenská národná knižnica 
954 |a odborná, vedecká literatúra cudzojazyčná (svetová)  |2 lita 
958 |a article3 
958 |a OND 
958 |a EUIPO 
999 |c 3102016  |d 3103946